1409 1713 1581 1755 1978 1921 1746 1562 1014 2000 1562 1060 1282 1388 1162 1019 1896 1053 1216 1964 1827 1672 1897 1752 1168 1234 1178 1233 1596 1943 1317 1329 1694 1689 1191 1103 1537 1591 1009 1346 1093 1908 1875 1732 1763 1228 1636 1293 1941 1239 1636 1150 1117 1607 1083 1304 1533 1448 1354 1879 1855 1197 1665 1821 1473 1739 1402 1281 1631 1647 1842 1891 1164 1783 1520 1634 1769 1866 1321 1039 1745 1903 1667 1667 1072 1011 1266 1289 1242 1948 1734 1136 1413 1936 1687 1528 1753 1580 1614 BCNSPRNW ULIB Ver.6.0+V

เปลี่ยนเป็นภาษาไทย

Change to English
 แสดงรายละเอียดบรรณานุกรม
  กลับหน้าหลัก

Brief Record : Get Marc (ISO 2709) : E-mail record : QR code < ปิดหน้าต่าง
LEADER : 00000nam 2200000uu 4500
001    13399112318
003     ULIB
008    110627s2554||||th 000 0 tha d
020    9786160602858
090    นว.^bอ524ส 2554
100 0  อัญชรีย์
245 00 สูตรร้ายหมายใจเธอ/^cอัญชรีย์
250    พิมพ์ครั้งที่ 3
260    กรุงเทพฯ :^bแจ่มใส,^c2554
300    212 หน้า
710 1  แจ่มใส
945    ^p149^l0^i030404
995    ทศพร
999 ^a ใช้งานได้ทุกระบบ
รายการนี้ยังไม่มีแท็ก
คุณยังไม่ได้ล็อกอิน คุณสามารถมีกิจกรรมร่วมกับเว็บไซต์ได้ แต่ต้องล็อกอินก่อน ::
  ล็อกอิน

รายการสื่อสารสนเทศ

ลำดับที่ ประเภท เลขเรียก/บาร์โค้ด สถานที่ สถานะ
- ไม่พบข้อมูล -

รายการใกล้เคียง
    ผู้แต่ง [อัญชรีย์]

BibComment


ยังไม่เคยถูกคอมเมนท์

คอมเมนท์ทรัพยากรรายการนี้
  คอมเมนท์: สูตรร้ายหมายใจเธอ..


 Copyright 2026. Bcnsprnw @Library